"Θέλω να καταστρέψω την ΕΕ" : αντίπαλοι της Ε.Ε. στο 8ο Ευρωπαϊκό Κοινοβούλιο
Αποθηκεύτηκε σε:
| Κύριοι συγγραφείς: | , |
|---|---|
| Συγγραφή απο Οργανισμό/Αρχή: | |
| Μορφή: | Βιβλίο |
| Γλώσσα: | Greek |
| Δημοσίευση: |
Berlin :
Konrad-Abenauer-Stiftung,
c2016.
|
| Θέματα: | |
| Ετικέτες: |
Προσθήκη ετικέτας
Δεν υπάρχουν, Καταχωρήστε ετικέτα πρώτοι!
|
MARC
| LEADER | 00000cam a2200000 a 4500 | ||
|---|---|---|---|
| 001 | 1/116553 | ||
| 008 | 180518s2016####gw | ||| |||| ||gre|| | ||
| 040 | |a GR-MyUa |b gre |c GR-MyUa |e AACR2 | ||
| 041 | 0 | |a gre | |
| 082 | 7 | |a 320.94 |2 (23) | |
| 100 | 1 | |a Grabow, Karsten. | |
| 245 | 1 | 0 | |a "Θέλω να καταστρέψω την ΕΕ" : |b αντίπαλοι της Ε.Ε. στο 8ο Ευρωπαϊκό Κοινοβούλιο / |c Karsten Grabow & Torsten Oppelland ; με τη συνεργασία των Thomas Hower... [κ.α.] ; μετάφραση από τα αγγλικά Φωτεινή Αλμπάλα, Άγγελος Ζήκος. |
| 260 | |a Berlin : |b Konrad-Abenauer-Stiftung, |c c2016. | ||
| 300 | |a 71 σ. ; |c 22 εκ. | ||
| 504 | |a Βιβλιογραφία: σ. 68-71. | ||
| 504 | |a Περιλαμβάνει βιβλιογραφικές παραπομπές. | ||
| 610 | 2 | 0 | |a European Union. |
| 650 | 0 | |a Political parties |z European Union countries. | |
| 651 | 0 | |a European Union countries |x Politics and government |y 21st century. | |
| 651 | 0 | |a Europe. | |
| 700 | 1 | |a Oppelland, Torsten, |d 1959- |e aut | |
| 710 | 2 | |a Ίδρυμα Conrad-Adenauer-Stiftung. | |
| 852 | |a INST |b RHODES |e 20180518 |h 320.94 GRA |p 005400040060 |q 005400040060 |t BK |y 0 | ||
| 970 | |z 18-05-2018 | ||